Catálogo público

Tree diseases concepts / (Record no. 200830)

MARC details
000 -CABECERA
campo de control de longitud fija 00693nam a2200277Ia 4500
001 - NÚMERO DE CONTROL
campo de control Para_2247
003 - IDENTIFICADOR DEL NÚMERO DE CONTROL
campo de control CHAP
008 - DATOS DE LONGITUD FIJA--INFORMACIÓN GENERAL
campo de control de longitud fija 220125sc199 xx 000 0 und d
010 ## - NÚMERO DE CONTROL DE LA BIBLIOTECA DEL CONGRESO
Número de control de LC 200830
040 ## - FUENTE DE LA CATALOGACIÓN
Centro/agencia transcriptor CHAP
082 ## - NÚMERO DE LA CLASIFICACIÓN DECIMAL DEWEY
Número de clasificación PA 634.963 M3
100 ## - ENTRADA PRINCIPAL--NOMBRE DE PERSONA
Nombre de persona Manion, Paul D.
9 (RLIN) 70481
245 ## - MENCIÓN DE TÍTULO
Título Tree diseases concepts /
Mención de responsabilidad, etc. by Paul D. Manion
250 ## - MENCIÓN DE EDICIÓN
Mención de edición 2nd. ed
260 ## - PUBLICACIÓN, DISTRIBUCIÓN, ETC.
Lugar de publicación, distribución, etc. New Jersey
300 ## - DESCRIPCIÓN FÍSICA
Extensión 402 p.
650 ## - PUNTO DE ACCESO ADICIONAL DE MATERIA--TÉRMINO DE MATERIA
Término de materia o nombre geográfico como elemento de entrada Arboles
Subdivisión general enfermedades
9 (RLIN) 82436
650 ## - PUNTO DE ACCESO ADICIONAL DE MATERIA--TÉRMINO DE MATERIA
Término de materia o nombre geográfico como elemento de entrada Arboles
Subdivisión general plagas
9 (RLIN) 82440
901 ## - ELEMENTOS DE DATOS A LOCAL LDA (RLIN)
a PA 634.963 M3
902 ## - ELEMENTOS DE DATOS B LOCAL, LDB (RLIN)
a A
905 ## - ELEMENTOS DE DATOS E LOCAL, LDE (RLIN)
a 000000c1991 a 0000000000 00
910 ## - DATOS DE OPCIÓN DEL USUARIO (OCLC)
Datos de opción del usuario c199
942 ## - ELEMENTOS DE PUNTO DE ACCESO ADICIONAL (KOHA)
Tipo de ítem Koha Parasitologia_
942 ## - ELEMENTOS DE PUNTO DE ACCESO ADICIONAL (KOHA)
Tipo de ítem Koha Parasitologia_
-- 1
Holdings
Estado de retiro Estado de pérdida Fuente del sistema de clasificación o colocación Estado dañado Restricciones de uso No para préstamo Código de colección Localización permanente Ubicación/localización actual Fecha de adquisición Número de inventario Total de préstamos Signatura topográfica completa Código de barras Fecha visto por última vez Número de copia Precio válido a partir de Tipo de ítem Koha Nota pública
    Dewey Decimal Classification   Préstamo interno   General Parasitologia Agricola Parasitologia Agricola 27/10/2005 (PA_7956) (No. UACh 16459)   PA 634.963 M3 4102003560 25/01/2022 Ej.1 25/01/2022 Libro 3